000 00586nam a22002177a 4500
001 13391
003 BD-RjUL
005 20211208235439.0
008 140201s1976 mos||||| |||| 001 0 eng d
035 _a(BD-RjUL)13442
040 _aBD-RjUL
_beng
_cBD-RjUL
_dBD-RjUL
041 _aeng
082 0 4 _220
_a624.1513
_bTSS 1976
100 1 _aTsytovich, N.
_941743
245 _aSoil mechanics /
_cN. Tsytovich.
260 _aMoscow :
_bMIr Publishers,
_c1976.
300 _a203 p. :
_bill. ;
_c24 cm.
504 _aIncludes index.
650 7 _a Soil mechanics.
_941744
942 _2ddc
_cBK
999 _c13391
_d13391